Statistiques concernant Set 3.5: Tft

Cliquez ici pour prendre le quiz!

Statistiques générales

  • Ce quiz a été pris 10 fois
  • Le résultat moyen est 92 sur 140

Statistiques - réponses

HintRéponse% Correct
Démolisseur | Mercenaire | Pirate spatialGangplank
89%
Gardien des étoiles | SorcierAhri
78%
Etre céleste | SniperAshe
78%
Bagarreur | ChrononauteBlitzcrank
78%
Chrononaute | SniperCaitlyn
78%
Pillard de mana | Pirate spatialDarius
78%
Atomiseur | ChrononauteEzreal
78%
Initiateur | Pirate spatialJayce
78%
Pulsar sombre | SniperJhin
78%
Atomiseur | RebelleJinx
78%
Cyborg | InitiateurLéona
78%
Atomiseur | CyborgLucian
78%
SynergieMaitre des lames
78%
Gardien des étoiles | InitiateurPoppy
78%
SynergieProtecteur
78%
SynergieSniper
78%
SynergieSorcier
78%
Chrononaute | SorcierTwisted fate
78%
Protecteur | PrototypeUrgot
78%
Maitre des lames | RebelleYasuo
78%
Démolisseur | RebelleZiggs
78%
Pilote de Mécha | SorcierAnnie
67%
Rebelle | VaisseauAurélion sol
67%
Astronaute | MystiqueBard
67%
SynergieCyborg
67%
SynergieEtre céleste
67%
Cyborg | Maitre des lamesFiora
67%
Infiltrateur | Pilote de MéchaFizz
67%
SynergieGardien des étoiles
67%
Atomiseur | Pirate spatialGraves
67%
Bagarreur | PrototypeIllaoi
67%
SynergieInfiltrateur
67%
SynergieInitiateur
67%
Cyborg | Maitre des lames | Pillard de manaIrélia
67%
Gardien des étoiles | ParangonJanna
67%
Protecteur | Pulsar sombreJarvan IV
67%
Mystique | Pulsar sombreKarma
67%
Etre céleste | MystiqueLulu
67%
Maitre des lames | RebelleMaitre yi
67%
Bagarreur | RebelleMalphite
67%
Initiateur | Pulsar sombreMordekaiser
67%
SynergieMystique
67%
Gardien des étoiles | ProtecteurNeeko
67%
SynergiePilote de Mécha
67%
SynergiePulsar sombre
67%
Etre céleste | ProtecteurRakan
67%
SynergieRebelle
67%
Démolisseur | Pilote de MéchaRumble
67%
Infiltrateur | Pulsar sombreShaco
67%
Gardien des étoiles | MystiqueSoraka
67%
Gardien des étoiles | SorcierSyndra
67%
Chrononaute | Pillard de manaThresh
67%
SynergieVaisseau
67%
Bagarreur | CyborgVi
67%
Chrononaute | InitiateurWukong
67%
Etre céleste | Maitre des lamesXayah
67%
Etre céleste | ProtecteurXin Zhao
67%
SynergieAtomiseur
56%
SynergieBagarreur
56%
Mystique | PrototypeCassiopeia
56%
SynergieChrononaute
56%
SynergieDémolisseur
56%
Cyborg | InfiltrateurEkko
56%
Astronaute | BagarreurGnar
56%
Atomiseur | PrototypeKogmaw
56%
SynergieMercenaire
56%
Astronaute | InitiateurNautilus
56%
Infiltrateur | PrototypeNocturne
56%
SynergiePillard de mana
56%
Chrononaute | Maitre des lamesRiven
56%
Chrononaute | Maitre des lamesShen
56%
Astronaute | SniperTeemo
56%
Cyborg | SniperVayne
56%
Pulsar sombre | SorcierXérath
56%
Infiltrateur | RebelleZed
56%
Gardien des étoiles | SorcierZoé
56%
SynergiePirate spatial
44%
Prototype | SorcierViktor
44%
SynergieAstronaute
33%
SynergieParangon
11%
SynergieProtoype
0%

Distribution des résultats

Percentile par nombre de réponses

% des personnes avec chaque résultat

Votre développement - résultats

Vous n’avez pas pris ce quiz